000 02002nam a22002177a 4500
005 20260130153453.0
006 a|||||r|||||||||||
008 s2003 enka b 001 0 eng d
020 _a9780761973836
040 _aGR-AtMCL
_bgre
_dGR-AtMCL
_eAACR2
100 _aField, Andy P.
_910130
245 1 0 _aHow to design and report experiments /
_cAndy Field, Graham Hole.
260 _aLondon ;
_aThousand Oaks, Calif. :
_bSage publications Ltd.,
_c2003.
300 _a384 p. :
_bill. ;
_c24 cm.
504 _aIncludes bibliographical references and index.
520 _aHow to Design and Report Experiments is the perfect textbook and guide to the often bewildering world of experimental design and statistics. It provides a complete map of the entire process beginning with how to get ideas about research, how to refine your research question and the actual design of the experiment, leading on to statistical procedure and assistance with writing up of results. While many books look at the fundamentals of doing successful experiments and include good coverage of statistical techniques, this book very importantly considers the process in chronological order with specific attention given to effective design in the context of likely methods needed and expected results. Without full assessment of these aspects, the experience and results may not end up being as positive as one might have hoped. Ample coverage is then also provided of statistical data analysis, a hazardous journey in itself, and the reporting of findings, with numerous examples and helpful tips of common downfalls throughout. Combining light humour, empathy with solid practical guidance to ensure a positive experience overall, How to Design and Report Experiments will be essential reading for students in psychology and those in cognate disciplines with an experimental focus or content in research methods courses.
650 0 _aPsychology
_910056
700 1 _aHole, Graham.
942 _cBK
999 _c10096
_d10096